000 00513nam a2200217Ia 4500
003 OSt
005 20220928141412.0
006 a|||||r|||| 00| 0
007 ta
008 220927b |||||||| |||| 00| 0 eng d
024 _a14708
037 _cTextual
040 _aSDCL
_cSDCL
_beng
041 _2eng
_aeng
082 _aB313, L7
100 _aKufner Alois
_9433277
245 0 _aFunction spaces.
260 _c1977
942 _hB313, L7
_cTEXL
_2CC
999 _c817117
_d817117